000 00554nam a22001577a 4500
999 _c534525
_d534525
020 _qHard Cover.
082 _a620.44
100 _aQadeer, Abdul
245 _aDesign and optimization of Anodic Aluminum Oxide Channels Through Anodizaton of Aluminum Foil /
_cAbdul Qadeer.
260 _aIslamabad :
_bSCME - NUST,
_c2017.
300 _axi, 50 p. : ill. ;
_c30cm.
942 _2ddc
_cTHE
650 _aMateriasls and Surface Engineering - MS Thesis
_928716
700 _aDr. Zakir Hussain.
_916137